| 000 | 01045cam a2200313 4500 | ||
|---|---|---|---|
| 008 | 090401t2001 xxu||||| |||| 00| 0 eng d | ||
| 020 | _a0419234500 | ||
| 035 | _a(Sirsi) u99818 | ||
| 041 | _aeng | ||
| 050 | _a690.22 | ||
| 100 | _aCurwell, Steve | ||
| 245 | _aHazardous building materials : a guide to the selection of environmentally responsible alternatives | ||
| 250 | _a2nd ed. | ||
| 260 |
_aLondon _bSpon Press _c2001 |
||
| 300 | _ax,196p. : ill. ; 30cm. | ||
| 350 | _a29.99 | ||
| 520 | _aGuide for construction industry professionals on how to select healthy and environmentally friendly house building materials. Uses drawings, tables and data sheets. | ||
| 650 | _aMANAGEMENT-HEALTH AND SAFETY-HAZARDOUS SUBSTANCES-ASBESTOS | ||
| 650 | _aBUILT ENVIRONMENT-BUILDING MATERIALS | ||
| 650 | _aHAZARDOUS MATERIALS | ||
| 650 | _aHEALTH HAZARDS | ||
| 650 | _aLEAD | ||
| 690 | _aENVIRONMENT-CONTAMINATION | ||
| 700 | _aFox, B | ||
| 700 | _aGreenberg, M | ||
| 700 | _aMarch, C. | ||
| 942 | _n0 | ||
| 948 | _c08/04/1999 | ||
| 999 |
_c99475 _d99475 |
||